000183243 001__ 183243
000183243 005__ 20230317222001.0
000183243 0247_ $$2doi$$a10.1088/0031-8949/2015/T166/014022
000183243 0247_ $$2ISSN$$a0031-8949
000183243 0247_ $$2ISSN$$a1402-4896
000183243 0247_ $$2WOS$$aWOS:000368901600023
000183243 037__ $$aGSI-2015-02846
000183243 041__ $$aEnglish
000183243 082__ $$a530
000183243 1001_ $$0P:(DE-Ds200)OR0158$$aBrandau, Carsten$$b0$$eCorresponding author
000183243 245__ $$aStorage-ring experiments on dielectronic recombination at the interface of atomic and nuclear physics
000183243 260__ $$aBristol$$bIoP Publ.$$c2015
000183243 3367_ $$00$$2EndNote$$aJournal Article
000183243 3367_ $$2DRIVER$$aarticle
000183243 3367_ $$0PUB:(DE-HGF)16$$2PUB:(DE-HGF)$$aJournal Article$$bjournal$$mjournal$$s1450088197_1758
000183243 3367_ $$2BibTeX$$aARTICLE
000183243 536__ $$0G:(DE-HGF)POF3-6211$$a6211 - Extreme States of Matter: From Cold Ions to Hot Plasmas (POF3-621)$$cPOF3-621$$fPOF III$$x0
000183243 588__ $$aDataset connected to CrossRef
000183243 7001_ $$0P:(DE-Ds200)OR0633$$aKozhuharov, Christophor$$b1$$ugsi
000183243 7001_ $$0P:(DE-Ds200)OR4470$$aLestinsky, Michael$$b2
000183243 7001_ $$0P:(DE-HGF)0$$aMüller, Alfred$$b3
000183243 7001_ $$0P:(DE-HGF)0$$aSchippers, Stefan$$b4
000183243 7001_ $$0P:(DE-Ds200)OR1264$$aStöhlker, Thomas$$b5
000183243 773__ $$0PERI:(DE-600)1477351-x$$a10.1088/0031-8949/2015/T166/014022$$gVol. T166, p. 014022 -$$p014022$$tPhysica scripta$$vT166$$x1402-4896$$y2015
000183243 909CO $$ooai:repository.gsi.de:183243$$pVDB
000183243 9101_ $$0I:(DE-Ds200)20121206GSI$$6P:(DE-Ds200)OR0158$$aGSI Helmholtzzentrum für Schwerionenforschung GmbH$$b0$$kGSI
000183243 9101_ $$0I:(DE-Ds200)20121206GSI$$6P:(DE-Ds200)OR0633$$aGSI Helmholtzzentrum für Schwerionenforschung GmbH$$b1$$kGSI
000183243 9101_ $$0I:(DE-Ds200)20121206GSI$$6P:(DE-Ds200)OR4470$$aGSI Helmholtzzentrum für Schwerionenforschung GmbH$$b2$$kGSI
000183243 9101_ $$0I:(DE-Ds200)20121206GSI$$6P:(DE-Ds200)OR1264$$aGSI Helmholtzzentrum für Schwerionenforschung GmbH$$b5$$kGSI
000183243 9131_ $$0G:(DE-HGF)POF3-621$$1G:(DE-HGF)POF3-620$$2G:(DE-HGF)POF3-600$$3G:(DE-HGF)POF3$$4G:(DE-HGF)POF$$9G:(DE-HGF)POF3-6211$$aDE-HGF$$bForschungsbereich Materie$$lVon Materie zu Materialien und Leben$$vIn-house research on the structure, dynamics and function of matter$$x0
000183243 9141_ $$y2015
000183243 915__ $$0StatID:(DE-HGF)0420$$2StatID$$aNationallizenz
000183243 915__ $$0StatID:(DE-HGF)0430$$2StatID$$aNational-Konsortium
000183243 915__ $$0StatID:(DE-HGF)0200$$2StatID$$aDBCoverage$$bSCOPUS
000183243 915__ $$0StatID:(DE-HGF)0199$$2StatID$$aDBCoverage$$bThomson Reuters Master Journal List
000183243 915__ $$0StatID:(DE-HGF)0110$$2StatID$$aWoS$$bScience Citation Index
000183243 915__ $$0StatID:(DE-HGF)0150$$2StatID$$aDBCoverage$$bWeb of Science Core Collection
000183243 915__ $$0StatID:(DE-HGF)0111$$2StatID$$aWoS$$bScience Citation Index Expanded
000183243 915__ $$0StatID:(DE-HGF)1150$$2StatID$$aDBCoverage$$bCurrent Contents - Physical, Chemical and Earth Sciences
000183243 920__ $$lyes
000183243 9201_ $$0I:(DE-Ds200)ATP-20051214OR020$$kATP$$lAtomphysik$$x0
000183243 9201_ $$0I:(DE-Ds200)HIJ-20110223OR115$$kHIJ$$lHI Jena$$x1
000183243 9201_ $$0I:(DE-Ds200)Ext-EMMI$$kEMMI$$lHelmholtz Alliance 'Cosmic Matter in the Laboratory', Extreme Matter Institute$$x2
000183243 980__ $$ajournal
000183243 980__ $$aVDB
000183243 980__ $$aI:(DE-Ds200)20110830OR020
000183243 980__ $$aI:(DE-Ds200)ATP-20051214OR020
000183243 980__ $$aI:(DE-Ds200)20120319OR115
000183243 980__ $$aI:(DE-Ds200)HIJ-20110223OR115
000183243 980__ $$aI:(DE-Ds200)Ext-EMMI
000183243 980__ $$aUNRESTRICTED